000 00361nam a22001217a 4500
008 230606b xxu||||| |||| 00| 0 eng d
082 _a328.34
_bWBI
110 _bWorld Bank Institute
245 _aParliamentary Accountability and Good Governance
_bA handbook for parliamentarians
260 _bWorld Bank Institute
_c2000
300 _a100p
942 _2ddc
_cREF
999 _c4033
_d4033